Equipes ayant touchés le plus de cash price dans l'Esport - Statistiques

Statistiques générales
  • Ce quiz a été pris 633 fois
  • Le résultat moyen est 11 sur 55
Statistiques - réponses
Jeu Vidéo Position Equipe % Correct
League of Legends 1er T1
78%
Valorant 4e Fnatic
71%
Counter-Strike 3e Fnatic
71%
Rocket League 4e Team Vitality
50%
Rocket League 1er NRG
47%
Apex Legends 2e NRG
47%
Dota 2 2e Team Liquid
41%
Counter-Strike 5e Team Liquid
41%
Valorant 2e LOUD
40%
Rocket League 2e G2 Esports
37%
League of Legends 5e G2 Esports
37%
PUBG 3e FaZe Clan
36%
Counter-Strike 4e FaZe Clan
36%
Counter-Strike 1er Astralis
35%
PUBG 5e Natus Vincere
35%
Counter-Strike 2e Natus Vincere
35%
Rocket League 3e Team BDS
31%
Rocket League 5e Dignitas
29%
Apex Legends 1er TSM
29%
Valorant 1er Sentinels
28%
Brawl stars 3e SK Gaming
20%
Warcraft 2e SK Gaming
20%
Dota 2 1er OG
19%
PUBG 1er Gen.G Esports
17%
League of Legends 4e EDward Gaming
14%
Dota 2 4e Evil Genuises
14%
Brawl stars 1er ZETA DIVISION
13%
Dota 2 5e Team Spirit
12%
Valorant 5e FunPlus Phoenix
11%
Wild Rift 2e FunPlus Phoenix
11%
League of Legends 3e Invictus Gaming
10%
League of Legends 2e Royal Never Give Up
9%
Apex Legends 5e FURIA Esports
8%
Valorant 3e Acend
7%
Wild Rift 4e JD Gaming
7%
Overwatch 1er San Francisco Shock
7%
Overwatch 2e Shanghai Dragons
7%
Warcraft 5e Mousesports
6%
Overwatch 3e London Spitfire
5%
Overwatch 4e New York Excelsior
4%
Dota 2 3e PSG Esports
4%
Wild Rift 5e Team Queso
4%
Brawl stars 2e Tribe Gaming
4%
Wild Rift 1er NOVA Esports
3%
Brawl stars 4e QLASH
3%
Overwatch 5e Atlanta Reign
2%
Brawl stars 5e STMN Esports
2%
Wild Rift 3e J Team
1%
PUBG 4e Soniqs
1%
Warcraft 1er World Elite
1%
Warcraft 4e 4Kings
0%
Apex Legends 3e DarkZero Esports
0%
Warcraft 3e Meet Your Makers
0%
PUBG 2e NewHappy
0%
Apex Legends 4e Reignite
0%
Aucun quiz correspondant
Distribution des résultats
% des personnes avec chaque résultat
Percentile par nombre de réponses
Votre historique - résultats
Vous n’avez pas pris ce quiz